Statistics for Fast Typing Slowest Words

Click here to take the quiz!

General Stats

  • This quiz has been taken 428 times
    (365 since last reset)
  • The average score is 8 of 12

Answer Stats

WordAnswer% Correct
AssumingAssuming
98%
PizazzPizzazz
95%
ObstinanceObstinance
88%
SuburbanSuburban
86%
FastestFastest
81%
ForamensForamens
79%
TheirsTheirs
71%
SovereignSovereign
65%
Hullabaloo (Yes, this is a word)Hullabaloo
55%
BiographyBiography
49%
ExistentialExistential
38%
BounteousBounteous
32%

Score Distribution

Percentile by Number Answered

Percent of People with Each Score

Your Score History

You have not taken this quiz since the last reset